عرض عادي
عرض مارك
- Ross, Jenny,
مدخل إسم شخص
001 - رقم الضبط
- حقل الضبط: 36090
003 - معرف رقم الضبط
- حقل الضبط: OSt
005 - تاريخ ووقت أخر عملية
- حقل الضبط: 20130620145547.0
008 - عناصر بيانات ثابتة الطول
- حقل تحكم ثابت الطول: 130620|||a|||||| | ||| d
040 ## - مصدر الفهرسة
- هيئة الفهرسة الأصلية: OSt
- وكالة الكتابة: OSt
100 ## - مدخل -- أسم شخص
- إسم شخص: Ross, Jenny,
- تواريخ مرتبطة بالاسم: 1986-
670 ## - بيانات المصدر موجوده
- الاستشهاد بالمصدر: Work cat.: (OSt)0: Ross, Jenny, 1986-, Nervous system., 2012.
